Agriculture, Rural Development, Food and Drug Administration, and Related Agencies Appropriations for 2019.
| Format: | Government Document eBook |
|---|---|
| Language: | English |
| Published: |
Bethesda, Md. :
ProQuest,
2018.
|
| Subjects: | |
| Online Access: | electronic resource (pdf) electronic resource (pdf) electronic resource (pdf) |
MARC
| Tag | First Indicator | Second Indicator | Subfields |
|---|---|---|---|
| LEADER | 00000cam a22000001i 4500 | ||
| 001 | in00004153721 | ||
| 005 | 20200117101152.0 | ||
| 006 | m d f | ||
| 007 | cr bn mmmapmmp | ||
| 008 | 190109s2018 mdu o f000 0 eng d | ||
| 024 | 8 | |a chdc20180825 | |
| 035 | |a chdc20180825 | ||
| 040 | |a UMI |c UMI |e rda |d UtOrBLW | ||
| 043 | |a n-us--- | ||
| 086 | 0 | |a Y4.AP6/1:AG8/2019/ | |
| 099 | |a HRG-2018-HAP-186401 | ||
| 099 | |a HRG-2018-HAP-186397 | ||
| 110 | 1 | |a United States. |b Congress. |b House. |b Committee on Appropriations. |b Subcommittee on Agriculture, Rural Development, FDA, and Related Agencies, |e issuing body. | |
| 245 | 1 | 0 | |a Agriculture, Rural Development, Food and Drug Administration, and Related Agencies Appropriations for 2019. |
| 264 | 1 | |a Bethesda, Md. : |b ProQuest, |c 2018. | |
| 300 | |a volumes, digital, PDF file. | ||
| 336 | |a text |2 rdacontent |b txt | ||
| 337 | |a computer |b c |2 rdamedia | ||
| 338 | |a online resource |2 rdacarrier |b cr | ||
| 500 | |a Record is based on bibliographic data in ProQuest U.S. Congressional Hearings Digital Collection. Reuse except for individual research requires license from ProQuest, LLC. | ||
| 500 | |a "2018." | ||
| 538 | |a System requirements: PDF reader software. | ||
| 533 | |a Electronic reproduction. |b [Bethesda, Md.] : |c ProQuest, |d 2018. |e digital, PDF file. |n ProQuest Congressional Hearings Digital Collection. |n Mode of access: World Wide Web via ProQuest website. | ||
| 610 | 1 | 0 | |a United States. |b Food and Drug Administration. |0 http://id.loc.gov/authorities/names/n80126147 |
| 610 | 1 | 0 | |a United States. |b Department of Agriculture. |0 http://id.loc.gov/authorities/names/n79008243 |
| 650 | 0 | |a Budget |z United States. |0 http://id.loc.gov/authorities/subjects/sh85017604 | |
| 650 | 0 | |a Rural development |z United States |x Finance. |0 http://id.loc.gov/authorities/subjects/sh2010111548 | |
| 776 | 0 | 8 | |a United States. Congress. House. Committee on Appropriations. Subcommittee on Agriculture, Rural Development, FDA, and Related Agencies. |t Agriculture, Rural Development, Food and Drug Administration, and Related Agencies Appropriations for 2019. |o CIS 2018 H181-186399 (pt.1a) |o CIS 2018 H181-186401 (pt.1b) |o CIS 2018 H181-186397 (pt.1c) |
| 856 | 4 | 0 | |u http://proxy.library.tamu.edu/login?url=http://congressional.proquest.com/congcomp/getdoc?hearing-id=hrg-2018-hap-186399 |y electronic resource (pdf) |z cis 2018 h181-186399 (pt.1a) |t 0 |
| 856 | 4 | 0 | |u http://congressional.proquest.com/congcomp/getdoc?hearing-id=hrg-2018-hap-186401 |y electronic resource (pdf) |z cis 2018 h181-186401 (pt.1b) |t 0 |
| 856 | 4 | 0 | |u http://congressional.proquest.com/congcomp/getdoc?hearing-id=hrg-2018-hap-186397 |y electronic resource (pdf) |z cis 2018 h181-186397 (pt.1c) |t 0 |
| 999 | f | f | |s 854d2531-9d52-38fd-863a-834261bced1d |i 831eda82-f4e5-38c9-a048-f5de0eb71e19 |t 0 |
| 952 | f | f | |a Texas A&M University |b College Station |c Electronic Resources |d Available Online |t 0 |e Y4.AP6/1:AG8/2019/ |h Superintendent of Documents classification |
| 998 | f | f | |a Y4.AP6/1:AG8/2019/ |t 0 |l Available Online |